[Event "Catalunya-chB"]
[Site "Spain"]
[Date "1996.11.24"]
[Round "8"]
[White "Munoz Muriedas, Jordi"]
[Black "Del Rio Soler, Andreu"]
[Result "1-0"]
[WhiteElo "1700"]
[BlackElo "1825"]
[PlyCount "71"]
[EventDate "1997.??.??"]
[EventType "swiss"]
[EventRounds "8"]
[EventCountry "ESP"]
[SourceTitle "EXT 2003"]
[Source "ChessBase"]
[SourceDate "2002.11.25"]
[SourceVersion "1"]
[SourceVersionDate "2002.11.25"]
[SourceQuality "1"]

1. c4 Nc6 2. Nc3 e5 3. d3 Bb4 4. Bd2 Nf6 5. Nf3 d5 6. cxd5 Nxd5 7. g3 0-0 8. Bg2 Nf6 9. 0-0 Be6 10. Ng5 Bf5 11. Qb3 a5 12. a3 Nd4 13. Qd1 Bxc3 14. bxc3 Nc6 15. Rb1 Rb8 16. Rb5 Qd7 17. f4 h6 18. fxe5 Ng4 19. Ne4 Ncxe5 20. Rxa5 b6 21. Ra4 Qe6 22. h3 Nf6 23. Nxf6+ gxf6 24. Rh4 Ng6 25. Rxh6 b5 26. e4 Qb6+ 27. Kh1 Be6 28. h4 Kg7 29. Qh5 Rh8 30. c4 bxc4 31. dxc4 Qd4 32. Bc1 Bxc4 33. Re1 Qf2 34. Rd1 Be2 35. Rxg6+ fxg6 36. Rd7+ 1-0

[Event "Catalunya-chB"]
[Site "Spain"]
[Date "1996.11.17"]
[Round "7"]
[White "Formosa Jordan, Pau"]
[Black "Munoz Muriedas, Jordi"]
[Result "0-1"]
[WhiteElo "1835"]
[BlackElo "1700"]
[PlyCount "64"]
[EventDate "1997.??.??"]
[EventType "swiss"]
[EventRounds "8"]
[EventCountry "ESP"]
[SourceTitle "EXT 2003"]
[Source "ChessBase"]
[SourceDate "2002.11.25"]
[SourceVersion "1"]
[SourceVersionDate "2002.11.25"]
[SourceQuality "1"]

1. e4 c5 2. Nf3 Nc6 3. d4 cxd4 4. Nxd4 Nf6 5. Nc3 d6 6. Be2 g6 7. 0-0 Bg7 8. f4 Qb6 9. Bb5 e5 10. Be3 exd4 11. Bxd4 Qd8 12. h3 0-0 13. Bxf6 Bxf6 14. Qd3 Nb4 15. Qd2 Nc6 16. Rad1 Bxc3 17. bxc3 Qb6+ 18. Kh1 Qxb5 19. Qxd6 Rd8 20. Qf6 Rxd1 21. Rxd1 Be6 22. e5 Qb6 23. Qg5 Rd8 24. Rf1 Qb5 25. Rf2 Rd1+ 26. Kh2 Qc5 27. Rf3 Qg1+ 28. Kg3 Rd2 29. Kh4 Rxg2 30. Rg3 Qh2 31. f5 Bxf5 32. Qe3 Qxh3+ 0-1